| 000 | 01014nam a22003137a 4500 | ||
|---|---|---|---|
| 001 | 200461762 | ||
| 003 | TR-AnTOB | ||
| 005 | 20240909104122.0 | ||
| 008 | 240711b tu ||||| |||| 00| 0 tur d | ||
| 020 | _a9786057454225 | ||
| 040 |
_aTR-AnTOB _beng _erda _cTR-AnTOB |
||
| 041 | _atur | ||
| 096 |
_b859.332 _eDON 2021 |
||
| 100 | 1 |
_aDonovici, Alex _9146341 |
|
| 245 |
_aÇayır kuşu Hophop : _bKışın kurtarıcısı / _cAlex Donovici ; resimleyen Stela Damaschin-Popa ; çeviren Ayşe Çevik |
||
| 250 | _a1.bs. | ||
| 260 |
_aAnkara : _bHayalkurdu Yayıncılık, _c2021. |
||
| 300 |
_a128 Pages. : _bill. ; _c24 cm. |
||
| 336 |
_atext _btxt _2rdacontent |
||
| 337 |
_aunmediated _bn _2rdamedia |
||
| 338 |
_avolume _bnc _2rdacarrier |
||
| 490 |
_aHayalkurdu Yayıncılık ; _v2 |
||
| 500 | _aÖzgün eseradı: Tup - Salvatoarea iernii | ||
| 653 | _aÇocuk hikâyeleri, | ||
| 700 |
_aÇevik, Ayşe _etranslator _9146342 |
||
| 942 |
_2ddc _cBK |
||
| 999 |
_c200461762 _d79974 |
||